000 00286nam a22001337a 4500
008 170601b xxu||||| |||| 00| 0 eng d
020 _a0195043863
041 _aeng
080 _a93
100 _a17
101 _aSHH
245 _aA HISTORY OF ISRAEL
_cSACHER, H.M
942 _2udc
_cBK
999 _c15413
_d15413